Theory of structures (Record no. 600241)

MARC details
000 -LEADER
fixed length control field 00533nam a22001937a 4500
008 - FIXED-LENGTH DATA ELEMENTS--GENERAL INFORMATION
fixed length control field 251204b |||||||| |||| 00| 0 eng d
020 ## - INTERNATIONAL STANDARD BOOK NUMBER
Paper back/Hardbound pbk
041 ## - LANGUAGE CODE
Language code of text/sound track or separate title eng
082 ## - DEWEY DECIMAL CLASSIFICATION NUMBER
Classification number 624.17
Item number RAM
100 ## - MAIN ENTRY--AUTHOR NAME
Personal name Ramamrutham, S.
245 ## - TITLE STATEMENT
Title Theory of structures
Statement of responsibility, etc / S. Ramamrutham, R. Narayanan
250 ## - EDITION STATEMENT
Edition statement 9th rev and enlarged ed.
260 ## - PUBLICATION, DISTRIBUTION, ETC. (IMPRINT)
Place of publication New Delhi
Name of publisher Dhanpat Rai Publishing Company (P) Ltd.
Year of publication 2011
300 ## - PHYSICAL DESCRIPTION
Number of Pages 1271 p.
Other physical details : ill.
504 ## - BIBLIOGRAPHY, ETC. NOTE
Bibliography, etc Includes index
700 ## - ADDED ENTRY--PERSONAL NAME
Personal name Narayanan, R.
942 ## - ADDED ENTRY ELEMENTS (KOHA)
Koha item type English Books
Holdings
Withdrawn status Lost status Damaged status Not for loan Home library Current library Shelving location Date acquired Full call number Accession Number Price effective from Koha item type
        Anna Centenary Library Anna Centenary Library 6TH FLOOR, A WING 25.07.2019 624.17 RAM G014237 04.12.2025 English Books

Find us on the map